| 000 | 00694 a2200217 4500 | ||
|---|---|---|---|
| 003 | CBULib | ||
| 005 | 20260629092638.0 | ||
| 008 | 260526b |||||||| |||| 00| 0 eng d | ||
| 040 |
_aEng _bEnglish _cCBULib _dCBULib _erda |
||
| 050 | _aBOZ (058)AR/2020 | ||
| 110 |
_95574 _aBank of Zambia(BOZ) |
||
| 245 |
_aBank of Zambia annual report 2020 _c/by Bank of Zambia |
||
| 260 |
_c2020 _aNdola: _bBank of zambia. |
||
| 300 | _axii,150pages : illustrations | ||
| 336 |
_2rdacontent _aText | _btxt |
||
| 337 |
_2rdamedia _aUnmediated | _bn |
||
| 338 |
_2rdacarrier _aVolume _bnc |
||
| 650 | 0 |
_93736 _aMONETARY POLICY |
|
| 650 | 0 |
_95679 _aGLOBAL AND DOMESTIC MACROECONOMICS DEVELOPMENT |
|
| 942 |
_2mc _c023 |
||
| 999 |
_c86732 _d86732 |
||